000 00477nam a2200193Ia 4500
005 20250423095941.0
008 250422s9999 xx 000 0 und d
020 _a9781451144611
050 _aQM 601 .S23/
100 _aSadler, T. W.
245 0 _aLangman’s medical embryology
250 _a12th ed.
260 _aPhiladelphia
260 _bWolters Kluwer Lippincott Williams & Wilkins
260 _c2012
300 _a384 p
650 _aEmbryology
942 _cBK
999 _c31831
_d31831